000 00420nam a22001577a 4500
999 _c7462
_d7460
005 20210219150448.0
008 210219b ||||| |||| 00| 0 eng d
020 _a978-011-3230-839
041 _aeng
100 _aMUKHERJEE, DR. PULOK K.
_96378
245 _aBRITISH PHARMACOPOEIA, 2021 [A-I] , VOL- I
260 _aLONDON
_bTHE STATIONARY OFFICE
_c2020
300 _aI-1400,p
650 _aPHARMACY
_96380
942 _cBK